Paul Ricoeur : los sentidos de una vida (1913 - 2005) /

Guardado en:
Autor Principal: Dosse, François.
Otros Autores: Corona, Pablo, (trad.)
Formato: Libro
Idioma:Undetermined
Publicado: Buenos Aires : Fondo de Cultura Económica, 2013.
Edición:1a. ed., rev. y aum.
Materias:
Etiquetas: Agregar Etiqueta
Sin Etiquetas, Sea el primero en etiquetar este registro!
LEADER 00568nam a22001695a 4500
001 DER.der015378
008 251028s2013####ag############000#0#und#d
005 20251105135359.0
245 1 0 |a Paul Ricoeur :  |b los sentidos de una vida (1913 - 2005) /  |c François Dosse ; traducido por Pablo Corona. 
250 |a 1a. ed., rev. y aum. 
260 |a Buenos Aires :  |b Fondo de Cultura Económica,  |c 2013. 
300 |a 767 p. 
020 |a 9789505579778 
100 1 |a Dosse, François. 
700 1 |a Corona, Pablo,  |e trad. 
650 7 |a FILOSOFÍA 
859 |a DERECHO  |b BIB. DERECHO  |h 190  |i DOS  |p 0010702